00934 a2200145 4500003000500000005001700005040000900022082001400031100003100045245008000076260006200156300005200218505049000270650002800760NUST20230201113508.0 cNust a942.2,TRE aTrevelyan, George Macaulay a a survey of six centuries, Chaucer to Queen Victoria /cG.M. Trevelyan ... aLondon, New Yorkb[etc.] Longmans, Green and Co.,c 1942. axii, 628 p. illus.b (incl. maps) diagr. 21 cm. aChaucer England (Page-1), England In The Age Of Caxton (Page-56), Tudor England (Page-92), England During The Anti Clecrical Revolution (Page-99), Shakepear’s England (Page-139), The England Of Charles And Cromwell (Page-206), Restoration England (Page-252), Defoe’s England (Page-293), Dr Johnson’s England (Page-339), Scotland In 18th Century (Page-416), Cobbett’s England (Page-463), Between The Two Reform Bills (Page-509), The Second Half Of The Victorian Era (Page-551).  aEnglish social history;